[Event "Wch Blitz"]
[Site "Samarkand"]
[Date "2023.12.29"]
[Round "4"]
[White "Seemann, Jakub"]
[Black "Khusnutdinov, Rustam"]
[Result "1-0"]
[WhiteElo "2441"]
[BlackElo "2429"]
[PlyCount "83"]
[EventDate "2023.12.29"]
[EventType "swiss (blitz)"]
[EventRounds "21"]
[EventCountry "UZB"]
[SourceTitle "CB01_2024"]
[SourceDate "2024.01.03"]
[SourceVersion "1"]
[SourceVersionDate "2024.01.03"]
[SourceQuality "1"]

1. e4 e5 2. Nf3 Nc6 3. Bc4 Nf6 4. d3 Bc5 5. Nc3 a6 6. Be3 d6 7. 0-0 0-0 8. a4 Bg4 9. h3 Bh5 10. Bxc5 dxc5 11. Nd5 Ne8 12. g4 Bg6 13. Ne3 Qf6 14. Bd5 Nd4 15. Nxd4 cxd4 16. Ng2 Nd6 17. Qd2 Qf3 18. Kh2 Kh8 19. Nh4 Qf6 20. g5 Qe7 21. f4 exf4 22. Qxf4 Rae8 23. Rae1 Qe5 24. Qxe5 Rxe5 25. Nxg6+ hxg6 26. h4 f6 27. Kg3 Ree8 28. h5 gxh5 29. g6 Re5 30. Kf4 Rfe8 31. Rg1 Nf5 32. Bxb7 a5 33. Bc6 R8e7 34. c3 dxc3 35. bxc3 Nh6 36. Rb1 Ng8 37. Rb8 R7e6 38. d4 Rxc6 39. dxe5 fxe5+ 40. Kxe5 Rxc3 41. Kd4 Rc6 42. Rg5 1-0

[Event "Wch Blitz"]
[Site "Almaty"]
[Date "2022.12.30"]
[Round "21"]
[White "Khusnutdinov, Rustam"]
[Black "Zverev, Lev"]
[Result "1-0"]
[WhiteElo "2510"]
[BlackElo "2333"]
[PlyCount "133"]
[EventDate "2022.12.29"]
[EventType "swiss (blitz)"]
[EventRounds "21"]
[EventCountry "KAZ"]
[SourceTitle "CBM 212"]
[Source "ChessBase"]
[SourceDate "2023.02.28"]
[SourceVersion "1"]
[SourceVersionDate "2023.02.28"]
[SourceQuality "1"]

1. Nc3 e5 2. Nf3 Nc6 3. d4 exd4 4. Nxd4 Nf6 5. Bg5 Bc5 6. e3 Nxd4 7. exd4 Be7 8. Qd3 0-0 9. 0-0-0 d5 10. Be2 c6 11. Rhe1 Be6 12. Bf3 b5 13. Ne2 Qa5 14. Kb1 Rfe8 15. Nf4 Bd7 16. Rxe7 Rxe7 17. Nh5 Nxh5 18. Bxe7 Nf4 19. Qd2 Qxd2 20. Rxd2 Re8 21. Bd6 Re1+ 22. Rd1 Rxd1+ 23. Bxd1 Nxg2 24. Kc1 Nh4 25. Kd2 Nf5 26. Bc5 f6 27. Bxa7 Nd6 28. b3 Kf7 29. Bb8 Ne4+ 30. Ke1 Nc3 31. a3 Ke7 32. Bf4 Bf5 33. Bf3 Nb1 34. a4 bxa4 35. bxa4 Nc3 36. a5 Nb5 37. Be2 Nxd4 38. a6 Bc8 39. a7 Bb7 40. Bd3 Nb5 41. Be3 g6 42. Bc5+ Kd7 43. Ke2 Ba8 44. Ke3 Kc7 45. Kf4 Kb7 46. Be7 Kxa7 47. Bxf6 Nd6 48. Bd4+ Kb7 49. Kg5 Nf7+ 50. Kf6 Nh6 51. f3 Kc7 52. Bc5 Kd7 53. Kg7 Nf5+ 54. Kxh7 Nh4 55. Be2 Ke6 56. Bf2 Ng2 57. Bg3 Kf7 58. Kh6 Ne3 59. Kg5 Nf5 60. Be5 Bb7 61. Bd3 Bc8 62. h4 Bd7 63. h5 Ne7 64. h6 Kg8 65. Kf6 Nf5 66. Kxg6 Nh4+ 67. Kf6 1-0

[Event "Wch Blitz"]
[Site "Almaty"]
[Date "2022.12.30"]
[Round "16"]
[White "Vallejo Pons, Francisco"]
[Black "Khusnutdinov, Rustam"]
[Result "1-0"]
[WhiteElo "2644"]
[BlackElo "2510"]
[PlyCount "57"]
[EventDate "2022.12.29"]
[EventType "swiss (blitz)"]
[EventRounds "21"]
[EventCountry "KAZ"]
[SourceTitle "CBM 212"]
[Source "ChessBase"]
[SourceDate "2023.02.28"]
[SourceVersion "1"]
[SourceVersionDate "2023.02.28"]
[SourceQuality "1"]

1. e4 e5 2. Nf3 Nc6 3. Nc3 Nf6 4. g3 Bc5 5. Bg2 d6 6. d3 a6 7. 0-0 h6 8. h3 Be6 9. Kh2 Qd7 10. Nd2 g5 11. Nd5 Bxd5 12. exd5 Ne7 13. c4 Nf5 14. Qf3 Ke7 15. b4 Ba7 16. c5 Rag8 17. Qd1 Nd4 18. Nc4 Kd8 19. Bb2 Re8 20. Bxd4 exd4 21. Qf3 Nh7 22. a4 g4 23. hxg4 Ng5 24. Qf6+ Qe7 25. Qf5 dxc5 26. bxc5 Bxc5 27. Na5 c6 28. dxc6 Kc7 29. cxb7 1-0

[Event "Wch Blitz"]
[Site "Almaty"]
[Date "2022.12.29"]
[Round "7"]
[White "Khusnutdinov, Rustam"]
[Black "Haldorsen, Benjamin"]
[Result "1-0"]
[WhiteElo "2510"]
[BlackElo "2389"]
[PlyCount "53"]
[EventDate "2022.12.29"]
[EventType "swiss (blitz)"]
[EventRounds "21"]
[EventCountry "KAZ"]
[SourceTitle "CBM 212"]
[Source "ChessBase"]
[SourceDate "2023.02.28"]
[SourceVersion "1"]
[SourceVersionDate "2023.02.28"]
[SourceQuality "1"]

1. b3 Nf6 2. Bb2 g6 3. Bxf6 exf6 4. c4 d5 5. cxd5 Qxd5 6. Nc3 Qd7 7. g3 Bg7 8. Bg2 0-0 9. Nf3 c5 10. Rc1 Qe7 11. 0-0 Na6 12. d4 cxd4 13. Nxd4 f5 14. Nd5 Qe5 15. e3 Rd8 16. Nf4 h5 17. Rxc8 Raxc8 18. Bxb7 Nc5 19. Bxc8 Rxc8 20. Nd3 Nxd3 21. Qxd3 h4 22. Nf3 Qe4 23. Qd7 Rc2 24. Ng5 Qc6 25. Qxf7+ Kh8 26. Ne6 Be5 27. Qf8+ 1-0

[Event "Wch Blitz"]
[Site "Almaty"]
[Date "2022.12.29"]
[Round "10"]
[White "Khusnutdinov, Rustam"]
[Black "Muradli, Mahammad"]
[Result "0-1"]
[WhiteElo "2510"]
[BlackElo "2610"]
[PlyCount "58"]
[EventDate "2022.12.29"]
[EventType "swiss (blitz)"]
[EventRounds "21"]
[EventCountry "KAZ"]
[SourceTitle "CBM 212"]
[Source "ChessBase"]
[SourceDate "2023.02.28"]
[SourceVersion "1"]
[SourceVersionDate "2023.02.28"]
[SourceQuality "1"]

1. Nc3 g6 2. h4 h5 3. e4 c5 4. d4 cxd4 5. Qxd4 Nf6 6. Nf3 Nc6 7. Qa4 Bg7 8. Bg5 d6 9. e5 Ng4 10. exd6 Qxd6 11. Ne4 Qc7 12. 0-0-0 Bf5 13. Re1 0-0 14. Nfd2 Rab8 15. f3 Nge5 16. Qa3 b5 17. Qc5 Rfc8 18. Bd3 Nxd3+ 19. cxd3 Qa5 20. Qa3 Nb4+ 21. Kd1 Qxa3 22. bxa3 Nxd3 23. Ref1 Rb7 24. Ke2 Rd7 25. Rb1 a6 26. Rbd1 Rc2 27. Ke3 Ne5 28. Nb3 Nc4+ 29. Kf4 Be5# 0-1

[Event "Wch Blitz"]
[Site "Almaty"]
[Date "2022.12.29"]
[Round "9"]
[White "Khusnutdinov, Rustam"]
[Black "Predke, Alexandr"]
[Result "1-0"]
[WhiteElo "2510"]
[BlackElo "2616"]
[PlyCount "71"]
[EventDate "2022.12.29"]
[EventType "swiss (blitz)"]
[EventRounds "21"]
[EventCountry "KAZ"]
[SourceTitle "CBM 212"]
[Source "ChessBase"]
[SourceDate "2023.02.28"]
[SourceVersion "1"]
[SourceVersionDate "2023.02.28"]
[SourceQuality "1"]

1. Nc3 d5 2. e4 d4 3. Nce2 e5 4. Nf3 Bd6 5. Ng3 Ne7 6. Bc4 h6 7. d3 c5 8. 0-0 Nbc6 9. a3 a6 10. Nh4 g6 11. Ba2 Qc7 12. Bd2 Be6 13. Bxe6 fxe6 14. c3 Kd7 15. Rc1 g5 16. Nf3 Ng6 17. cxd4 cxd4 18. h3 Raf8 19. b4 Qb6 20. Rb1 Qb5 21. Ne1 Nf4 22. a4 Qb6 23. b5 axb5 24. Rxb5 Qa6 25. Qb3 Rb8 26. Nc2 h5 27. Rb1 h4 28. Nf1 g4 29. hxg4 h3 30. g3 h2+ 31. Nxh2 Nh3+ 32. Kg2 Nxf2 33. Rxb7+ Bc7 34. Ne1 Nxd3 35. Nxd3 Rxb7 36. Nc5+ 1-0

[Event "Wch Blitz"]
[Site "Almaty"]
[Date "2022.12.29"]
[Round "6"]
[White "Postlmayer, Jakob"]
[Black "Khusnutdinov, Rustam"]
[Result "0-1"]
[WhiteElo "2182"]
[BlackElo "2510"]
[PlyCount "100"]
[EventDate "2022.12.29"]
[EventType "swiss (blitz)"]
[EventRounds "21"]
[EventCountry "KAZ"]
[SourceTitle "CBM 212"]
[Source "ChessBase"]
[SourceDate "2023.02.28"]
[SourceVersion "1"]
[SourceVersionDate "2023.02.28"]
[SourceQuality "1"]

1. e4 d5 2. exd5 Qxd5 3. Nc3 Qa5 4. Bc4 Nf6 5. d3 c5 6. Nf3 e6 7. Bd2 Qd8 8. Qe2 Nc6 9. a3 Be7 10. 0-0-0 a6 11. Ba2 b5 12. Ne4 Bb7 13. Neg5 Nd5 14. Rde1 Qd7 15. h4 h6 16. Ne4 0-0-0 17. Kb1 Kb8 18. h5 Ka8 19. g4 Qc7 20. Nc3 Nxc3+ 21. Bxc3 Nd4 22. Bxd4 cxd4 23. Rh3 Bf6 24. Nd2 Rc8 25. Ne4 Be5 26. Bb3 Bf4 27. Qd1 Rhe8 28. Ng3 Rcd8 29. Rg1 Kb8 30. Ne2 Bg5 31. Qf1 e5 32. Ng3 a5 33. a4 bxa4 34. Bxa4 Re6 35. Nf5 f6 36. Ng3 Rb6 37. Ne4 Bf4 38. Qe2 Rb4 39. b3 Qb6 40. Ka2 Bd5 41. Ka1 Ka7 42. Rb1 Rb8 43. Rhh1 Qc7 44. Rb2 Qe7 45. Ra2 Qc7 46. Rb1 Bxe4 47. dxe4 Qc3+ 48. Rbb2 Bc1 49. Qd1 Bxb2+ 50. Rxb2 Rxa4+ 0-1

[Event "Wch Rapid"]
[Site "Almaty"]
[Date "2022.12.26"]
[Round "2"]
[White "Khusnutdinov, Rustam"]
[Black "Jobava, Baadur"]
[Result "0-1"]
[WhiteElo "2432"]
[BlackElo "2688"]
[PlyCount "116"]
[EventDate "2022.12.26"]
[EventType "swiss (rapid)"]
[EventRounds "13"]
[EventCountry "KAZ"]
[SourceTitle "CBM 212"]
[Source "ChessBase"]
[SourceDate "2023.02.28"]
[SourceVersion "1"]
[SourceVersionDate "2023.02.28"]
[SourceQuality "1"]

1. e4 c6 2. Nf3 d5 3. Nc3 Bg4 4. h3 Bxf3 5. Qxf3 e6 6. Be2 Nd7 7. 0-0 g6 8. d4 Bg7 9. Rd1 Ne7 10. Bg5 0-0 11. Bf1 Re8 12. Qe3 Bf6 13. Bh6 Qb6 14. Rab1 Rad8 15. Bf4 dxe4 16. Nxe4 Nd5 17. Nxf6+ N7xf6 18. Qf3 Nxf4 19. Qxf4 Nd5 20. Qf3 Rd7 21. c3 a5 22. g3 e5 23. dxe5 Rxe5 24. Rd4 Rde7 25. Bc4 Rf5 26. Qd3 Nf6 27. Qc2 Kg7 28. Rbd1 h5 29. b4 axb4 30. cxb4 Re1+ 31. Kg2 Rxd1 32. Qxd1 c5 33. bxc5 Qc6+ 34. Kg1 Rxc5 35. Bf1 Rc1 36. Qd3 Ra1 37. Rc4 Qe6 38. Qc3 Rxa2 39. Bg2 b5 40. Rc6 Qf5 41. Qd4 Ra4 42. Qc5 Ra1+ 43. Kh2 Qb1 44. f4 Qb2 45. Qe5 Ra2 46. Qxb2 Rxb2 47. Kg1 b4 48. Rb6 Rb1+ 49. Kf2 Rb2+ 50. Kg1 Nd7 51. Rb5 Nf8 52. Bd5 Ne6 53. h4 Nc7 54. Rc5 Nxd5 55. Rxd5 Kf6 56. Rb5 Ke6 57. Rb6+ Kd5 58. Rb7 b3 0-1

[Event "Wch Rapid"]
[Site "Almaty"]
[Date "2022.12.26"]
[Round "4"]
[White "Narayanan, Sunilduth Lyna"]
[Black "Khusnutdinov, Rustam"]
[Result "1-0"]
[WhiteElo "2605"]
[BlackElo "2432"]
[PlyCount "131"]
[EventDate "2022.12.26"]
[EventType "swiss (rapid)"]
[EventRounds "13"]
[EventCountry "KAZ"]
[SourceTitle "CBM 212"]
[Source "ChessBase"]
[SourceDate "2023.02.28"]
[SourceVersion "1"]
[SourceVersionDate "2023.02.28"]
[SourceQuality "1"]

1. d4 e6 2. Nf3 c5 3. e4 cxd4 4. Nxd4 a6 5. Bd3 Bc5 6. Nb3 Ba7 7. Qe2 Ne7 8. Nc3 d6 9. Be3 Nbc6 10. 0-0-0 b5 11. f4 0-0 12. e5 d5 13. Bxa7 Rxa7 14. Kb1 Nb4 15. Qf2 Rc7 16. Be2 Nxc2 17. Ne4 Nf5 18. Nec5 Nce3 19. Rd3 Nc4 20. g4 Ne7 21. Rh3 Ng6 22. g5 Re8 23. Rd1 Qe7 24. Nd3 d4 25. Nxd4 Rd8 26. Nb3 Rcd7 27. Rg3 Bb7 28. Rgg1 Be4 29. Nbc5 Rd4 30. Nxe4 Rxe4 31. h4 Red4 32. h5 Nf8 33. h6 g6 34. Rge1 Qc7 35. Bf1 R8d5 36. Qc2 Qd8 37. Ka1 Qa5 38. Qc3 Qd8 39. b3 Na3 40. Be2 a5 41. Nf2 b4 42. Qc1 Qb6 43. Ng4 Rc5 44. Nf6+ Kh8 45. Bc4 Qd8 46. Ne4 Rc7 47. Nd6 Rxd1 48. Qxd1 Kg8 49. Qd2 Qa8 50. Rd1 Qf3 51. Rc1 Qc6 52. Kb2 Qf3 53. Nb5 Rd7 54. Nd6 Rc7 55. Bd3 Rxc1 56. Kxc1 Nd7 57. Ne4 Kf8 58. Kb2 Qh1 59. Bc2 Nxc2 60. Qxd7 Qa1+ 61. Kxc2 Qxa2+ 62. Kc1 Qa1+ 63. Kd2 Qb2+ 64. Ke1 Qb1+ 65. Kf2 Qc2+ 66. Nd2 1-0

[Event "Wch Rapid"]
[Site "Almaty"]
[Date "2022.12.26"]
[Round "3"]
[White "Postlmayer, Jakob"]
[Black "Khusnutdinov, Rustam"]
[Result "0-1"]
[WhiteElo "2182"]
[BlackElo "2432"]
[PlyCount "122"]
[EventDate "2022.12.26"]
[EventType "swiss (rapid)"]
[EventRounds "13"]
[EventCountry "KAZ"]
[SourceTitle "CBM 212"]
[Source "ChessBase"]
[SourceDate "2023.02.28"]
[SourceVersion "1"]
[SourceVersionDate "2023.02.28"]
[SourceQuality "1"]

1. c4 b6 2. d4 Bb7 3. Nc3 e6 4. Qc2 Qf6 5. d5 Qg6 6. Qxg6 hxg6 7. e4 f5 8. Bd3 Nf6 9. f3 Bd6 10. Nge2 c6 11. dxe6 dxe6 12. Bf4 Bxf4 13. Nxf4 Kf7 14. Rd1 Nbd7 15. b3 Rad8 16. Bc2 g5 17. Nh3 Kg6 18. exf5+ exf5 19. 0-0 Bc8 20. Rfe1 Nc5 21. Nf2 Kf7 22. b4 Nb7 23. Nd3 Nd7 24. Ba4 Rh6 25. Re2 Rd6 26. Red2 Kf6 27. c5 bxc5 28. Nxc5 Rxd2 29. Rxd2 Ndxc5 30. Rxd8 Nxd8 31. bxc5 Ke5 32. Kf2 Kd4 33. Ne2+ Kxc5 34. f4 Ne6 35. fxg5 Nxg5 36. Ke3 Ne6 37. Bc2 g6 38. h4 Kd6 39. h5 gxh5 40. Bxf5 Ke5 41. Bh3 Bd7 42. Ng3 Be8 43. Ne4 Nf4 44. Nd2 Nxh3 45. gxh3 Bf7 46. a3 Bd5 47. Nb1 h4 48. Nd2 Bg2 49. Kf2 Bd5 50. Nf1 Kf4 51. Nd2 c5 52. Nf1 c4 53. Ne3 Be6 54. Ng2+ Kg5 55. Ne3 c3 56. Ke2 Bxh3 57. Kd3 Kf4 58. Nd5+ Kf3 59. Kxc3 Be6 60. Nc7 Bf7 61. Nb5 h3 0-1

[Event "Almaty Academy IM 12"]
[Site "Almaty"]
[Date "2022.12.08"]
[Round "2"]
[White "Khusnutdinov, Rustam"]
[Black "Suyarov, Mukhammadzokhid"]
[Result "1-0"]
[WhiteElo "2441"]
[BlackElo "2299"]
[PlyCount "95"]
[EventDate "2022.12.07"]
[EventType "tourn"]
[EventRounds "9"]
[EventCountry "KAZ"]
[EventCategory "1"]
[SourceTitle "CBM 211 Extra"]
[Source "ChessBase"]
[SourceDate "2023.01.31"]
[SourceVersion "1"]
[SourceVersionDate "2023.01.31"]
[SourceQuality "1"]

1. d4 e6 2. c4 b6 3. a3 Nf6 4. Nc3 Bb7 5. Bf4 Bd6 6. Bg3 Bxg3 7. hxg3 Ne4 8. Nxe4 Bxe4 9. e3 Qf6 10. Ne2 d6 11. Nc3 Bc6 12. Qc2 h6 13. f3 0-0 14. Bd3 Qg5 15. Kf2 f5 16. d5 Bd7 17. dxe6 Bxe6 18. Nd5 Bxd5 19. cxd5 Nd7 20. Rh4 Rae8 21. Re1 Ne5 22. Rf4 g6 23. Qd2 Re7 24. Be2 h5 25. Ra4 Qf6 26. Qd4 a5 27. Rc1 Qf7 28. Kg1 Rfe8 29. Bb5 Ra8 30. b4 Qf6 31. bxa5 Rxa5 32. Rxa5 bxa5 33. Be2 Kg7 34. Kf2 Kf8 35. Rb1 Kf7 36. Rb5 Qh8 37. Rxa5 Qb8 38. Rb5 Qa8 39. a4 Re8 40. Rb2 Qa5 41. Bb5 Rh8 42. Rc2 Rc8 43. Ke2 Qa8 44. g4 Qb7 45. gxf5 gxf5 46. f4 Ng4 47. Qd3 Kg6 48. Ba6 1-0

[Event "Almaty Academy IM 12"]
[Site "Almaty"]
[Date "2022.12.07"]
[Round "1"]
[White "Chibukhchian, Artur"]
[Black "Khusnutdinov, Rustam"]
[Result "1/2-1/2"]
[WhiteElo "2388"]
[BlackElo "2441"]
[PlyCount "28"]
[EventDate "2022.12.07"]
[EventType "tourn"]
[EventRounds "9"]
[EventCountry "KAZ"]
[EventCategory "1"]
[SourceTitle "CBM 211 Extra"]
[Source "ChessBase"]
[SourceDate "2023.01.31"]
[SourceVersion "1"]
[SourceVersionDate "2023.01.31"]
[SourceQuality "1"]

1. e4 e6 2. Nf3 d5 3. Nc3 Bb4 4. Qe2 Nf6 5. exd5 Nxd5 6. Qe4 Be7 7. Bc4 Nf6 8. Qe2 c5 9. Ne5 a6 10. a4 Qc7 11. d3 Nc6 12. Nxc6 Qxc6 13. 0-0 b6 14. f4 g6 1/2-1/2

[Event "Aktobe Dvorkovich Rapid op"]
[Site "Aktobe"]
[Date "2022.06.21"]
[Round "4"]
[White "Khusnutdinov, Rustam"]
[Black "Agmanov, Zhandos"]
[Result "1/2-1/2"]
[WhiteElo "2441"]
[BlackElo "2436"]
[PlyCount "52"]
[EventDate "2022.06.21"]
[EventType "swiss (rapid)"]
[EventRounds "9"]
[EventCountry "KAZ"]
[SourceTitle "CBM 209 Extra"]
[Source "ChessBase"]
[SourceDate "2022.09.30"]
[SourceVersion "1"]
[SourceVersionDate "2022.09.30"]
[SourceQuality "1"]

1. e4 e6 2. d4 d5 3. Nd2 c5 4. Ngf3 cxd4 5. Nxd4 Nc6 6. Bb5 Bd7 7. Nxc6 bxc6 8. Bd3 Bd6 9. Qe2 Ne7 10. c4 Ng6 11. cxd5 Nf4 12. Qf3 exd5 13. 0-0 0-0 14. exd5 cxd5 15. Nb3 Qf6 16. Bxf4 Qxf4 17. Qxf4 Bxf4 18. Nc5 Be6 19. Rfe1 Rfe8 20. g3 Bd6 21. Nxe6 fxe6 22. Rac1 g6 23. f4 Kf7 24. Rc6 Rad8 25. Kg2 Re7 26. Kf3 Rb7 1/2-1/2

[Event "Agzamov Memorial 15th"]
[Site "Tashkent"]
[Date "2022.05.07"]
[Round "5"]
[White "Madaminov, Mukhiddin"]
[Black "Khusnutdinov, Rustam"]
[Result "1-0"]
[WhiteElo "2308"]
[BlackElo "2472"]
[PlyCount "69"]
[EventDate "2022.05.04"]
[EventType "swiss"]
[EventRounds "10"]
[EventCountry "UZB"]
[SourceTitle "CBM 208 Extra"]
[Source "ChessBase"]
[SourceDate "2022.07.31"]
[SourceVersion "1"]
[SourceVersionDate "2022.07.31"]
[SourceQuality "1"]

1. d4 Nf6 2. c4 e6 3. Nc3 Bb4 4. e3 Bxc3+ 5. bxc3 d6 6. Bd3 c5 7. Ne2 Nc6 8. 0-0 0-0 9. f4 cxd4 10. cxd4 d5 11. Rb1 dxc4 12. Bxc4 b6 13. Ng3 Bb7 14. Bb2 Rc8 15. Rc1 Na5 16. Bd3 Rxc1 17. Bxc1 Nc6 18. Qe2 Qd7 19. a3 Ne7 20. Bb2 Nf5 21. Nh5 Nxh5 22. Qxh5 Qd5 23. e4 Qb3 24. Qe2 Nd6 25. Rf3 f5 26. Rg3 fxe4 27. Bxe4 Qxg3 28. Bxh7+ Kxh7 29. hxg3 Bd5 30. Qc2+ Kg8 31. Qc7 Nc4 32. Bc1 a5 33. g4 g6 34. a4 Rf7 35. Qd8+ 1-0

[Event "Almaty 2nd"]
[Site "Almaty"]
[Date "2022.04.25"]
[Round "1"]
[White "Khusnutdinov, Rustam"]
[Black "Khusenkhojaev, Mustafokhuja"]
[Result "1/2-1/2"]
[WhiteElo "2472"]
[BlackElo "2203"]
[PlyCount "85"]
[EventDate "2022.04.25"]
[EventType "tourn"]
[EventRounds "9"]
[EventCountry "KAZ"]
[EventCategory "1"]
[SourceTitle "EXT 2023"]
[Source "ChessBase"]
[SourceDate "2022.10.05"]
[SourceVersion "1"]
[SourceVersionDate "2022.10.05"]
[SourceQuality "1"]

1. d4 Nf6 2. c4 g6 3. g3 c6 4. Bg2 d5 5. Qa4 Nfd7 6. cxd5 Nb6 7. Qd1 cxd5 8. e3 Bg7 9. Ne2 0-0 10. 0-0 Nc6 11. Nbc3 Bg4 12. a4 a5 13. h3 Bd7 14. b3 e6 15. Ba3 Re8 16. Qd2 Bf8 17. Bc5 Nb4 18. Na2 Nxa2 19. Rxa2 Bc6 20. Bxf8 Rxf8 21. Rc1 Nd7 22. Nf4 Qb6 23. Rc3 Rfd8 24. Rac2 Qb4 25. Qd1 Qd6 26. Nd3 Kg7 27. Qg4 Nb8 28. Nc5 Na6 29. Nxa6 Rxa6 30. Rc5 Rb6 31. R2c3 Ra8 32. Qf4 Qxf4 33. gxf4 Kf8 34. Bf1 Ke7 35. Bd3 Rb4 36. Kf1 Ra7 37. Bb5 Bxb5+ 38. Rxb5 Rxb5 39. axb5 Kd8 40. Ke2 Ra8 41. Kd3 Rc8 42. Rc5 b6 43. Rxc8+ 1/2-1/2

[Event "Almaty Academy IM"]
[Site "Almaty"]
[Date "2022.01.25"]
[Round "6"]
[White "Khusnutdinov, Rustam"]
[Black "Isanzhulov, Arystan"]
[Result "1/2-1/2"]
[WhiteElo "2478"]
[BlackElo "2338"]
[PlyCount "50"]
[EventDate "2022.01.21"]
[EventType "tourn"]
[EventRounds "9"]
[EventCountry "KAZ"]
[EventCategory "2"]
[SourceTitle "CBM 206 Extra"]
[Source "ChessBase"]
[SourceDate "2022.03.31"]
[SourceVersion "1"]
[SourceVersionDate "2022.03.31"]
[SourceQuality "1"]

1. d4 d5 2. c4 e6 3. Nf3 Nf6 4. g3 Be7 5. Bg2 0-0 6. 0-0 c6 7. Nc3 Nbd7 8. Qd3 b6 9. e4 Ba6 10. b3 dxc4 11. bxc4 e5 12. dxe5 Ng4 13. Bf4 g5 14. Rad1 gxf4 15. Qxd7 Qxd7 16. Rxd7 Bb4 17. Bh3 h5 18. Ne2 Bc8 19. Rd3 fxg3 20. Nxg3 Nxf2 21. Kxf2 Bxh3 22. Rg1 Bc5+ 23. Nd4 Rfd8 24. Ngf5+ Kf8 25. Rxh3 Rxd4 1/2-1/2